Collegii Salmanticensis FF. Discalceatorum B. Mariae de Monte Carmeli Primitivae Observantiae, cursus theologiae moralis (Record no. 8726)

MARC details
000 -CABECERA
campo de control de longitud fija 00943nam a2200229 a 4500
001 - NÚMERO DE CONTROL
campo de control BRCA_9076
005 - FECHA Y HORA DE LA ÚLTIMA TRANSACCIÓN
campo de control 20190320210520.0
008 - DATOS DE LONGITUD FIJA--INFORMACIÓN GENERAL
campo de control de longitud fija 050917s1734----it-#######---#000-0#lat-#
041 ## - CÓDIGO DE LENGUA
Código de lengua del texto/banda sonora o título independiente lat
044 ## - CÓDIGO DEL PAÍS DE LA ENTIDAD EDITORA/PRODUCTORA
Código MARC del país it
084 ## - OTRO NÚMERO DE CLASIFICACIÓN
Número de clasificación CO13
Número de documento/Ítem .F73 1734
100 1# - ENTRADA PRINCIPAL--NOMBRE DE PERSONA
Nombre de persona Francisco de Jesús Maria
9 (RLIN) 22441
245 10 - MENCIÓN DE TÍTULO
Título Collegii Salmanticensis FF. Discalceatorum B. Mariae de Monte Carmeli Primitivae Observantiae, cursus theologiae moralis
Resto del título tomus primus: septem complectens tractatu...
Mención de responsabilidad, etc. per R.P.Fr. Franciscum a Iesu Maria.
260 ## - PUBLICACIÓN, DISTRIBUCIÓN, ETC.
Lugar de publicación, distribución, etc. Venetiis
Nombre del editor, distribuidor, etc. Apud nicolaum pezzana
Fecha de publicación, distribución, etc. 1734
300 ## - DESCRIPCIÓN FÍSICA
Extensión 317 p. (t.1)
Dimensiones 36 x 24.5 cm
500 ## - NOTA GENERAL
Nota general Superiorum permissu, ac Privilegio
500 ## - NOTA GENERAL
Nota general Estado físico: presenta encuadernación en pergamino con presencia del pez de plata
650 14 - PUNTO DE ACCESO ADICIONAL DE MATERIA--TÉRMINO DE MATERIA
Término de materia o nombre geográfico como elemento de entrada Ética cristiana
Subdivisión general Autores católicos
Subdivisión cronológica Obras anteriores a 1800
9 (RLIN) 22442
650 14 - PUNTO DE ACCESO ADICIONAL DE MATERIA--TÉRMINO DE MATERIA
Término de materia o nombre geográfico como elemento de entrada Teología doctrinal
Subdivisión cronológica Obras anteriores a 1800
9 (RLIN) 22443
902 ## - CATALOGADOR
Iniciales CFM
942 ## - ELEMENTOS DE PUNTO DE ACCESO ADICIONAL (KOHA)
Fuente del sistema de clasificación o colocación Library of Congress Classification
Tipo de ítem Koha Libros
Holdings
Estado de retiro Estado de pérdida Estado dañado No para préstamo Localización permanente Ubicación/localización actual Fecha de adquisición Total de préstamos Signatura topográfica completa Código de barras Fecha visto por última vez Precio válido a partir de Tipo de ítem Koha
El ejemplar forma parte de la colección y puede ser consultado según las políticas vigentes.       Biblioteca del Museo Franz Mayer (Rogerio Casas-Alatriste) Biblioteca del Museo Franz Mayer (Rogerio Casas-Alatriste) 05/09/2017   CO13 .F73 1734 CFM00433 22/03/2019 22/03/2019 Libros